[Event "Titled Tue 10th Jun Late"]
[Site "chess.com INT"]
[Date "2025.06.10"]
[Round "3"]
[White "Vykouk, Jan"]
[Black "Sharankov, Grigory"]
[Result "1-0"]
[WhiteTitle "IM"]
[BlackTitle "CM"]
[WhiteElo "2490"]
[BlackElo "2238"]
[WhiteFideId "349658"]
[BlackFideId "4168356"]
[EventDate "2025.06.10"]

1. e4 e6 2. d4 d5 3. Nc3 Nc6 4. e5 f6 5. f4 Nh6 6. Nf3 Qe7 7. Bd3 Bd7 8. O-O
O-O-O 9. a3 Kb8 10. b4 Nf7 11. Bd2 Rg8 12. b5 Na5 13. Nxd5 exd5 14. Bxa5 g6 15.
Bb4 Qe6 16. Bxf8 Rgxf8 17. Re1 fxe5 18. dxe5 Nh6 19. g3 Qb6+ 20. Kg2 Ng4 21. Qe2
d4 22. a4 Be6 23. a5 Qc5 24. Be4 Ne3+ 25. Kg1 Bg4 26. Qd3 Bxf3 27. Bxf3 g5 28.
Qe4 Nd5 29. f5 g4 30. Bg2 d3+ 31. Kh1 dxc2 32. e6 c6 33. bxc6 bxc6 34. Rac1 Rde8
35. Rxc2 1-0

[Event "Titled Tue 10th Jun Late"]
[Site "chess.com INT"]
[Date "2025.06.10"]
[Round "3"]
[White "Mayaud, Raphael"]
[Black "Melian, Juan Sebastian"]
[Result "0-1"]
[WhiteTitle "CM"]
[BlackTitle "FM"]
[WhiteElo "2126"]
[BlackElo "2358"]
[WhiteFideId "627151"]
[BlackFideId "3706575"]
[EventDate "2025.06.10"]

1. d4 d6 2. e4 Nf6 3. Nc3 e5 4. Nf3 Nbd7 5. Bc4 Be7 6. O-O O-O 7. Qe2 c6 8. Rd1
Qc7 9. a4 b6 10. Ba2 a6 11. h3 h6 12. Be3 Re8 13. dxe5 dxe5 14. Nh4 Bf8 15. Nf5
Nc5 16. Qf3 Bxf5 17. Qxf5 Qe7 18. Bxc5 bxc5 19. Bc4 a5 20. Rd3 Red8 21. Rad1 Rd4
22. Ba2 Kh8 23. Ne2 Rxa4 24. Bb3 Rb4 25. Rd6 c4 26. Ba2 Qxd6 27. Rxd6 Bxd6 28.
Nc3 a4 29. g4 a3 30. bxa3 Rxa3 31. Qc8+ Ng8 32. Qxc6 Rxc3 33. Qxd6 Rb2 34. Qxe5
Rcxc2 35. Bxc4 Rb1+ 36. Kg2 Rxc4 0-1

[Event "Titled Tue 10th Jun Late"]
[Site "chess.com INT"]
[Date "2025.06.10"]
[Round "3"]
[White "Hofstadler, Mario"]
[Black "Khalafvand, Dorsa Sadat"]
[Result "1-0"]
[WhiteTitle "CM"]
[BlackTitle "WCM"]
[WhiteElo "2172"]
[BlackElo "1985"]
[WhiteFideId "1660497"]
[BlackFideId "36767522"]
[EventDate "2025.06.10"]

1. e4 c6 2. Nf3 d5 3. d3 dxe4 4. dxe4 Qxd1+ 5. Kxd1 Nf6 6. Nbd2 Bg4 7. Be2 Nbd7
8. Ne1 Bxe2+ 9. Kxe2 e5 10. f3 Bc5 11. a4 a5 12. Nc4 O-O 13. Nd3 Rfe8 14. Nxc5
Nxc5 15. Be3 Ncd7 16. Nb6 Nxb6 17. Bxb6 Ra6 18. Be3 b5 19. Rhd1 b4 20. b3 Raa8
21. Kd3 Nd7 22. Kc4 Red8 23. Rd3 Kf8 24. Rad1 Ke8 25. Rd6 Rac8 26. h4 Ke7 27.
Bc5 Ke8 28. Bf2 h6 29. h5 Ke7 30. Bh4+ f6 31. Bf2 Rb8 32. Rxc6 Nb6+ 33. Bxb6
Rxd1 34. Bxa5 Rd2 35. Bxb4+ Rxb4+ 36. Kxb4 Rxg2 37. a5 Rg1 38. a6 Ra1 39. Kb5
Kf7 40. Rc7+ Kg8 41. Rc4 1-0

[Event "Titled Tue 10th Jun Late"]
[Site "chess.com INT"]
[Date "2025.06.10"]
[Round "3"]
[White "Garcia Correa, Jose Ricardo"]
[Black "Bongo Akanga Ndjila, Barthelemy"]
[Result "1-0"]
[WhiteTitle "FM"]
[BlackTitle "CM"]
[WhiteElo "2103"]
[BlackElo "1847"]
[WhiteFideId "5101832"]
[BlackFideId "10609431"]
[EventDate "2025.06.10"]

1. e4 e6 2. d4 d5 3. Nc3 Nf6 4. Bg5 dxe4 5. Nxe4 Be7 6. Bxf6 gxf6 7. Nf3 f5 8.
Ng3 Nc6 9. Bb5 Bd7 10. Qe2 a6 11. Bc4 Na5 12. Bd3 Bc6 13. O-O-O Qd5 14. c4 Qd6
15. d5 Bd7 16. Rhe1 O-O-O 17. Nxf5 Qf4+ 18. Ne3 exd5 19. cxd5 Bf6 20. Kb1 c6 21.
Qd2 b6 22. Bxa6+ Kb8 23. Nd4 Ka7 24. g3 Qe4+ 25. Bd3 Qxd4 26. Qc2 Qc5 27. Qd2
Nb7 28. Rc1 Qd4 29. Rc4 Qe5 30. Ra4+ Kb8 31. f4 Qd6 32. Nc4 Qf8 33. d6 Nc5 34.
Rb4 Nxd3 35. Rxb6+ 1-0

[Event "Titled Tue 10th Jun Late"]
[Site "chess.com INT"]
[Date "2025.06.10"]
[Round "3"]
[White "Kodihalli, Kaustubh"]
[Black "Rustamov, Rustam"]
[Result "0-1"]
[BlackTitle "FM"]
[WhiteElo "2038"]
[BlackElo "2334"]
[WhiteFideId "30956455"]
[BlackFideId "13440110"]
[EventDate "2025.06.10"]

1. e4 c5 2. Nf3 d6 3. d4 cxd4 4. Nxd4 e5 5. Nb5 Nf6 6. N1c3 a6 7. Na3 b5 8. Nd5
Nxd5 9. exd5 Be7 10. Be2 O-O 11. O-O f5 12. c3 Nd7 13. f4 Bb7 14. Nc2 Nf6 15.
Ne3 g6 16. Qb3 Qb6 17. fxe5 Ne4 18. Kh1 Nc5 19. Qc2 dxe5 20. Rd1 Ne4 21. Bf3 Nd6
22. Be2 e4 23. Nf1 f4 24. Bg4 Bc8 25. Bxc8 Raxc8 26. Re1 e3 27. Qe2 Qc5 28. Qg4
Qxd5 29. Rd1 Qf5 30. Qf3 Qe4 31. Qe2 f3 32. gxf3 Rxf3 33. Kg1 Rf2 0-1

[Event "Titled Tue 10th Jun Late"]
[Site "chess.com INT"]
[Date "2025.06.10"]
[Round "3"]
[White "Qi, Jenny"]
[Black "Rabin, Evan"]
[Result "1/2-1/2"]
[WhiteTitle "WFM"]
[WhiteElo "1946"]
[BlackElo "1945"]
[WhiteFideId "30995914"]
[BlackFideId "2028670"]
[EventDate "2025.06.10"]

1. d4 Nf6 2. Bf4 d5 3. e3 c5 4. c3 Nc6 5. Bd3 e6 6. Nf3 Bd6 7. Nbd2 O-O 8. Ne5
Qc7 9. Ndf3 b6 10. h3 a5 11. O-O Ba6 12. Bxa6 Rxa6 13. Nxc6 Qxc6 14. Bxd6 Qxd6
15. Ne5 c4 16. Ng4 Nxg4 17. Qxg4 b5 18. b3 cxb3 19. axb3 Rc8 20. Qe2 Qc6 21.
Rfc1 a4 22. bxa4 bxa4 23. Ra3 Qc4 24. Qb2 Ra5 25. Rca1 Rca8 26. Qb4 Qxb4 27.
cxb4 R5a7 28. b5 g6 29. b6 Rb7 30. Rxa4 Rxa4 31. Rxa4 Rxb6 32. g3 g5 33. Kg2 h5
34. Ra1 Kg7 35. Rh1 Kg6 36. h4 g4 37. Ra1 Kf5 38. Ra7 Kg6 39. Ra8 f6 40. Rg8+
Kf7 41. Rh8 Kg6 42. Rg8+ Kh7 43. Rf8 Kg7 44. Rd8 Rb7 45. Re8 Kf7 46. Rh8 Kg6 47.
Rg8+ Rg7 48. Re8 Kf5 49. Rh8 Kg6 50. Re8 Kf7 51. Rh8 Kg6 52. Re8 1/2-1/2

[Event "Titled Tue 10th Jun Late"]
[Site "chess.com INT"]
[Date "2025.06.10"]
[Round "3"]
[White "Bogaudinov, Rushan"]
[Black "Alazmi, Amani"]
[Result "1-0"]
[WhiteTitle "FM"]
[BlackTitle "WCM"]
[WhiteElo "1912"]
[BlackElo "1725"]
[WhiteFideId "4129288"]
[BlackFideId "10303553"]
[EventDate "2025.06.10"]

1. d4 d5 2. g3 e6 3. Bg2 Nf6 4. Nf3 Be7 5. O-O O-O 6. b3 c6 7. Bb2 Nbd7 8. c4 b6
9. Nc3 Bb7 10. Rc1 Rc8 11. e3 a6 12. Qe2 c5 13. Rfd1 Qc7 14. cxd5 Nxd5 15. dxc5
bxc5 16. Na4 N7b6 17. Nxb6 Qxb6 18. Nd2 Nf6 19. Nc4 Qa7 20. Bxb7 Qxb7 21. Bxf6
gxf6 22. Qh5 Qe4 23. Nd6 Bxd6 24. Rxd6 a5 25. Rc4 Qb1+ 26. Rd1 Qf5 27. Qxf5 exf5
28. Rdc1 Rfe8 29. Rxc5 Rxc5 30. Rxc5 Rd8 31. Rxf5 Rd1+ 32. Kg2 Kg7 33. Rxa5 Rd2
34. b4 Rb2 35. b5 h5 36. h4 Kg6 37. a4 f5 38. Ra6+ f6 39. b6 Rb4 40. a5 Rb5 41.
Ra7 f4 42. gxf4 Kf5 43. Kf3 Rb1 44. b7 Rh1 45. b8=Q Rxh4 46. e4+ 1-0

[Event "Titled Tue 10th Jun Late"]
[Site "chess.com INT"]
[Date "2025.06.10"]
[Round "3"]
[White "Martinez Fernandez, Adrian"]
[Black "Erigaisi, Arjun"]
[Result "0-1"]
[WhiteTitle "IM"]
[BlackTitle "GM"]
[WhiteElo "2404"]
[BlackElo "2782"]
[WhiteFideId "32049048"]
[BlackFideId "35009192"]
[EventDate "2025.06.10"]

1. e4 b6 2. d4 Bb7 3. Bd3 e6 4. Nf3 Nf6 5. Qe2 d5 6. Nbd2 Be7 7. h4 h6 8. c3
dxe4 9. Nxe4 Nbd7 10. Bf4 c5 11. O-O-O Qc8 12. dxc5 Nxc5 13. Bb5+ Bc6 14. Nd6+
Bxd6 15. Rxd6 Bxb5 16. Qxb5+ Kf8 17. Rhd1 Nfe4 18. R6d4 Nxf2 19. Rf1 Nfe4 20.
Ne5 Kg8 21. Nxf7 Kxf7 22. Rxe4 Nxe4 23. Qh5+ Kg8 24. Be5 Qd7 25. Qg6 Nc5 26. Kc2
Rd8 27. b4 Qd2+ 28. Kb1 Qd3+ 29. Qxd3 Nxd3 30. Rd1 Kh7 0-1

[Event "Titled Tue 10th Jun Late"]
[Site "chess.com INT"]
[Date "2025.06.10"]
[Round "3"]
[White "Papasimakopoulos, Alexandros"]
[Black "Demaria, Juan Pablo"]
[Result "1-0"]
[WhiteTitle "IM"]
[BlackTitle "FM"]
[WhiteElo "2366"]
[BlackElo "2215"]
[WhiteFideId "4244125"]
[BlackFideId "104922"]
[EventDate "2025.06.10"]

1. d4 g6 2. e4 Bg7 3. c4 d6 4. Nc3 c6 5. Be3 Nd7 6. Nf3 e6 7. Be2 Ne7 8. O-O O-O
9. Qd2 a6 10. a4 d5 11. Bh6 Nf6 12. Bxg7 Kxg7 13. e5 Ne4 14. Qc2 Nxc3 15. bxc3
dxc4 16. a5 c5 17. Rfd1 Qc7 18. dxc5 Qxc5 19. Rd4 Nc6 20. Rxc4 Qe7 21. Qc1 f5
22. exf6+ Rxf6 23. Rh4 Bd7 24. Qh6+ Kg8 25. Ng5 Ne5 26. Nxh7 Rf7 27. Ng5 Qf6 28.
Nxf7 Nxf7 29. Qh7+ Kf8 30. g3 Bc6 31. Rf4 Qg7 32. Qxg7+ Kxg7 33. Bf3 1-0

[Event "Titled Tue 10th Jun Late"]
[Site "chess.com INT"]
[Date "2025.06.10"]
[Round "3"]
[White "Blackburn, Jonathan L B"]
[Black "Winkels, Marcel"]
[Result "1-0"]
[WhiteTitle "FM"]
[BlackTitle "CM"]
[WhiteElo "2207"]
[BlackElo "1905"]
[WhiteFideId "1801090"]
[BlackFideId "1003887"]
[EventDate "2025.06.10"]

1. d4 Nf6 2. Nf3 c5 3. g3 cxd4 4. Nxd4 Nc6 5. Bg2 Qb6 6. Nb3 e6 7. O-O Be7 8. e4
d6 9. Be3 Qc7 10. Nc3 a6 11. a4 O-O 12. a5 Ne5 13. Nd2 Bd7 14. Qe2 Rac8 15. Bb6
Qb8 16. f4 Nc6 17. Nb3 Nb4 18. e5 dxe5 19. fxe5 Nfd5 20. Nxd5 Nxd5 21. Bxd5 exd5
22. Qd2 Bb5 23. Rfe1 Bc4 24. Nd4 Bc5 25. Bxc5 Rxc5 26. Re3 Bb5 27. c3 Rd8 28.
Rae1 Bd7 29. b4 Rc4 30. e6 fxe6 31. Nxe6 Bxe6 32. Rxe6 d4 33. Re7 Rc7 34. Qg5 1-0

[Event "Titled Tue 10th Jun Late"]
[Site "chess.com INT"]
[Date "2025.06.10"]
[Round "3"]
[White "Quinones Garcia, Santiago"]
[Black "Izafatava, Kira"]
[Result "0-1"]
[WhiteTitle "FM"]
[WhiteElo "2259"]
[BlackElo "2036"]
[WhiteFideId "4408497"]
[BlackFideId "13521705"]
[EventDate "2025.06.10"]

1. d4 d5 2. c4 e6 3. Nf3 Nf6 4. Bg5 a6 5. Nc3 dxc4 6. e4 b5 7. e5 h6 8. Bh4 g5
9. exf6 gxh4 10. Ne4 Bb7 11. Qc2 Bb4+ 12. Ned2 Bxf3 13. gxf3 Qxd4 14. O-O-O Qxf6
15. Ne4 Qf4+ 16. Kb1 Nd7 17. Be2 Ke7 18. Rhe1 Nc5 19. Nxc5 Bxc5 20. Rf1 Rad8 21.
Rc1 Rd2 22. Qc3 Bd4 23. Qa3+ Qd6 24. Qxd6+ cxd6 25. Rc2 Rxc2 26. Kxc2 Bc5 27.
Rg1 Kf6 28. Rg2 h3 29. Rg3 Bxf2 30. Rxh3 d5 31. Rh5 d4 32. Kd1 d3 33. Bf1 Be3
34. a4 Bg5 0-1

[Event "Titled Tue 10th Jun Late"]
[Site "chess.com INT"]
[Date "2025.06.10"]
[Round "3"]
[White "Sliwicka, Alicja"]
[Black "Amarasinghe, A A C B"]
[Result "1-0"]
[WhiteTitle "WGM"]
[BlackTitle "CM"]
[WhiteElo "2299"]
[BlackElo "1922"]
[WhiteFideId "1150677"]
[BlackFideId "9901809"]
[EventDate "2025.06.10"]

1. e4 e6 2. d4 d5 3. Nc3 Bb4 4. Qd3 Nf6 5. e5 Nfd7 6. Qg3 Bf8 7. h4 c5 8. Nf3
Nc6 9. Be3 cxd4 10. Bxd4 h5 11. O-O-O g6 12. Be3 Bg7 13. Bf4 a6 14. Bd3 Ne7 15.
Bg5 Nc5 16. Rhe1 b5 17. Bf6 Nxd3+ 18. Rxd3 Nf5 19. Qg5 Bxf6 20. exf6 Kf8 21. Ne5
Bb7 22. f3 Nh6 23. Nxg6+ fxg6 24. Rxe6 Nf7 25. Qxg6 Rg8 26. Qxh5 Rxg2 27. Re7
Rg1+ 28. Kd2 Qxe7 29. fxe7+ Kxe7 30. Nxd5+ Bxd5 31. Qxd5 Rg2+ 32. Kc1 Rag8 33.
Rd1 1-0

[Event "Titled Tue 10th Jun Late"]
[Site "chess.com INT"]
[Date "2025.06.10"]
[Round "3"]
[White "Wiebe, Isaac"]
[Black "Lizak, Jakub"]
[Result "0-1"]
[BlackTitle "CM"]
[WhiteElo "2085"]
[BlackElo "2219"]
[WhiteFideId "2623862"]
[BlackFideId "1158520"]
[EventDate "2025.06.10"]

1. e4 c5 2. Nf3 Nc6 3. Bb5 g5 4. Bxc6 dxc6 5. h3 h6 6. d3 Bg7 7. Nc3 b6 8. Be3
Nf6 9. Qd2 Be6 10. Ne2 c4 11. Ned4 cxd3 12. Nxe6 fxe6 13. cxd3 c5 14. Qc2 Rc8
15. Rc1 O-O 16. O-O Nh5 17. Qb3 Qd6 18. Nh2 Nf4 19. Bxf4 Rxf4 20. Ng4 Rcf8 21.
f3 h5 22. Nf2 Rxf3 23. gxf3 Qg3+ 24. Kh1 Be5 25. Qxe6+ Rf7 26. Qg6+ Kf8 27. f4
Bxf4 28. Qh6+ Ke8 29. Qc6+ Kf8 30. Qh6+ Rg7 0-1

[Event "Titled Tue 10th Jun Late"]
[Site "chess.com INT"]
[Date "2025.06.10"]
[Round "3"]
[White "Rueda Rojas, Richard Alejandro"]
[Black "Ansat, Aldiyar"]
[Result "0-1"]
[WhiteTitle "FM"]
[BlackTitle "IM"]
[WhiteElo "2090"]
[BlackElo "2489"]
[WhiteFideId "4491505"]
[BlackFideId "13715658"]
[EventDate "2025.06.10"]

1. d4 Nf6 2. c4 b6 3. Nf3 Bb7 4. g3 g6 5. Bg2 Bg7 6. O-O O-O 7. Qb3 d5 8. Nc3
Nc6 9. cxd5 Na5 10. Qc2 Nxd5 11. Nxd5 Bxd5 12. e4 Bb7 13. Rd1 e6 14. Bg5 Qd7 15.
Rac1 Rac8 16. h4 Qe8 17. b4 Nc6 18. a3 h6 19. Be3 a5 20. b5 Ne7 21. a4 c6 22.
bxc6 Bxc6 23. Ne5 Bxa4 24. Qd2 Kh7 25. Rxc8 Qxc8 26. Rc1 Qe8 27. Ng4 h5 28. Ne5
Nc6 29. Nxc6 Bxc6 30. d5 exd5 31. exd5 Bd7 32. d6 a4 33. Bxb6 a3 34. Bd4 Bxd4
35. Qxd4 Qe2 36. Be4 Qb2 37. Qxb2 axb2 38. Rb1 Rb8 39. Kf1 Be6 40. Ke2 Ba2 41.
Kd2 Bxb1 42. Bxb1 Rd8 43. Kc2 Rxd6 44. Kxb2 Rd2+ 0-1

[Event "Titled Tue 10th Jun Late"]
[Site "chess.com INT"]
[Date "2025.06.10"]
[Round "3"]
[White "Achuthan, Aryan"]
[Black "Estrada Nieto, Julian"]
[Result "0-1"]
[BlackTitle "IM"]
[WhiteElo "2087"]
[BlackElo "2181"]
[WhiteFideId "30982294"]
[BlackFideId "5101018"]
[EventDate "2025.06.10"]

1. d4 Nf6 2. c4 e6 3. Nc3 Bb4 4. Qc2 d6 5. a3 Bxc3+ 6. Qxc3 Qe7 7. b3 Nbd7 8.
Nf3 b6 9. Bb2 Bb7 10. g3 O-O 11. Bg2 Ne4 12. Qc2 f5 13. O-O Rac8 14. Rfd1 c5 15.
d5 exd5 16. cxd5 Ndf6 17. Nd2 Nxf2 18. Bxf6 Qe3 19. Kf1 Nxd1 20. Rxd1 Rxf6 21.
Nc4 Qe7 22. a4 Re8 23. e3 Ba6 24. Re1 f4 25. gxf4 Rxf4+ 26. Kg1 Rg4 27. Qf5 Rg5
28. Qf4 Bxc4 29. bxc4 Re5 30. e4 Rf8 31. Qg3 Rg5 32. Qe3 Qe5 33. h3 Rg3 34. Re2
Rxe3 0-1

[Event "Titled Tue 10th Jun Late"]
[Site "chess.com INT"]
[Date "2025.06.10"]
[Round "3"]
[White "Clawitter, Craig"]
[Black "Ivanov, Andrey A."]
[Result "1-0"]
[BlackTitle "CM"]
[WhiteElo "2050"]
[BlackElo "2120"]
[WhiteFideId "2023105"]
[BlackFideId "2514311"]
[EventDate "2025.06.10"]

1. e4 c5 2. Nf3 d6 3. d4 cxd4 4. Nxd4 g6 5. Nc3 Bg7 6. Be3 Nf6 7. f3 O-O 8. Qd2
d5 9. e5 Nfd7 10. Nxd5 Nxe5 11. Nb5 Na6 12. Ndc7 Nxc7 13. Qxd8 Rxd8 14. Nxc7 Bf5
15. Nxa8 Rxa8 16. O-O-O Rc8 17. c3 h5 18. Be2 a6 19. Rd2 b5 20. Rhd1 Rc7 21. f4
Nc4 22. Rd8+ Kh7 23. Bxc4 Rxc4 24. Bd4 b4 25. Bxg7 Kxg7 26. R8d4 Rc5 27. Rxb4 a5
28. Rbd4 Bg4 29. R1d2 Rc6 30. c4 Re6 31. b3 Re1+ 32. Kb2 Bf5 33. a3 Rb1+ 34. Ka2
Rh1 35. g3 Bb1+ 36. Kb2 Bf5 37. b4 Rb1+ 38. Kc3 a4 39. Rb2 Rc1+ 40. Kd2 Rh1 41.
Ke3 Re1+ 42. Kf2 Rh1 43. Kg2 Re1 44. b5 Re3 45. b6 Be4+ 46. Rxe4 Rxe4 47. b7
Rxc4 48. b8=Q Rc3 49. Qe5+ 1-0

[Event "Titled Tue 10th Jun Late"]
[Site "chess.com INT"]
[Date "2025.06.10"]
[Round "3"]
[White "Bratovic, Blaz"]
[Black "Makridis, Dimitrios"]
[Result "0-1"]
[WhiteTitle "IM"]
[BlackTitle "FM"]
[WhiteElo "2319"]
[BlackElo "2283"]
[WhiteFideId "14603551"]
[BlackFideId "25864475"]
[EventDate "2025.06.10"]

1. e4 Nc6 2. Nf3 e5 3. Bc4 Bc5 4. d3 Nf6 5. c3 d6 6. a4 a5 7. O-O O-O 8. Bg5 h6
9. Bh4 g5 10. Nxg5 hxg5 11. Bxg5 Kg7 12. Qf3 Rh8 13. Na3 Be6 14. Nc2 Kg6 15. Be3
Bxc4 16. Qg3+ Kh7 17. Bxc5 dxc5 18. dxc4 Qf8 19. Ne3 Qh6 20. Nf5 Qg6 21. Qe3 Kg8
22. Qxc5 Nxe4 23. Ne7+ Nxe7 24. Qxe7 Qd6 25. Qxd6 cxd6 26. f4 Nd2 27. Rf2 Nxc4
28. b3 Nb6 29. Rd1 Rh6 30. Rfd2 d5 31. fxe5 Re8 32. Re1 Rhe6 33. Rde2 f6 34. Re3
Rxe5 35. Rg3+ Kf7 36. Rf1 Re1 37. Rf3 Rxf1+ 38. Kxf1 Re5 39. g3 Nd7 40. h4 Nc5
41. b4 Ne4 42. Kg2 axb4 43. cxb4 Ke6 44. a5 d4 45. b5 Rxb5 46. Rd3 Kd5 47. h5
Kc4 48. Rd1 Rb2+ 49. Kh3 Nf2+ 50. Kh4 Nxd1 51. h6 Rh2+ 52. Kg4 Ne3+ 53. Kf4 Rxh6
54. g4 Rh3 55. g5 fxg5+ 56. Kxg5 d3 57. a6 bxa6 58. Kf4 d2 59. Ke4 d1=Q 60. Ke5
Qd5+ 61. Kf6 Qf5+ 62. Ke7 Rh7+ 63. Ke8 Qd7+ 64. Kf8 Qd8# 0-1

[Event "Titled Tue 10th Jun Late"]
[Site "chess.com INT"]
[Date "2025.06.10"]
[Round "3"]
[White "Huston, Gus"]
[Black "Aung Thant Zin"]
[Result "1-0"]
[WhiteTitle "IM"]
[BlackTitle "FM"]
[WhiteElo "2315"]
[BlackElo "2268"]
[WhiteFideId "30909090"]
[BlackFideId "13000063"]
[EventDate "2025.06.10"]

1. e4 c5 2. Nf3 Nc6 3. Bb5 e6 4. Bxc6 bxc6 5. b3 d6 6. e5 d5 7. O-O Ne7 8. c4
Nf5 9. d3 Be7 10. Nc3 O-O 11. Na4 f6 12. Bb2 Bd7 13. exf6 gxf6 14. Ba3 Qa5 15.
Qe1 Qc7 16. Bxc5 Rae8 17. d4 Bd6 18. Rc1 Qb8 19. Qd2 Kh8 20. Rfe1 Rg8 21. Bxd6
Qxd6 22. Nc5 Bc8 23. g3 e5 24. cxd5 cxd5 25. dxe5 fxe5 26. Nd3 e4 27. Qb2+ Ng7
28. Nde5 Rgf8 29. Rc6 Qd8 30. Nh4 Qg5 31. f4 exf3 32. Nf7+ Kg8 33. Nxg5 f2+ 34.
Qxf2 1-0

[Event "Titled Tue 10th Jun Late"]
[Site "chess.com INT"]
[Date "2025.06.10"]
[Round "3"]
[White "Ghimoyan, Narek"]
[Black "Zierk, Steven"]
[Result "1/2-1/2"]
[WhiteTitle "CM"]
[BlackTitle "GM"]
[WhiteElo "2273"]
[BlackElo "2489"]
[WhiteFideId "13315412"]
[BlackFideId "2034255"]
[EventDate "2025.06.10"]

1. d4 Nf6 2. c4 e6 3. Nf3 d5 4. Nc3 dxc4 5. e4 b5 6. e5 Nd5 7. Nxb5 Nb6 8. Be2
Nc6 9. O-O Be7 10. Nc3 O-O 11. Qd2 Bb7 12. Qf4 Nb4 13. Rd1 Qe8 14. Qg3 Kh8 15.
Bg5 Rd8 16. Rac1 Bxg5 17. Nxg5 h6 18. Nge4 Qe7 19. Nc5 Bc6 20. a3 N4d5 21. Nxd5
Bxd5 22. Qc3 Rb8 23. a4 Rfd8 24. a5 Nd7 25. Na6 Rb3 26. Qc2 Qg5 27. Bf1 c5 28.
Nxc5 Nxc5 29. dxc5 Qxe5 30. Bxc4 Rxb2 31. Qc3 Qxc3 32. Rxc3 Rc8 33. Bxd5 exd5
34. g3 Rb5 35. Rxd5 Rxa5 36. Rd7 Raxc5 37. Rxc5 Rxc5 38. Rxa7 f5 39. Kg2 Kh7 40.
h4 Kg6 41. Ra6+ Kf7 42. Ra7+ 1/2-1/2

[Event "Titled Tue 10th Jun Late"]
[Site "chess.com INT"]
[Date "2025.06.10"]
[Round "3"]
[White "Materia, Marco"]
[Black "Nigalidze, Gaioz"]
[Result "1-0"]
[WhiteTitle "IM"]
[BlackTitle "IM"]
[WhiteElo "2489"]
[BlackElo "2368"]
[WhiteFideId "45150451"]
[BlackFideId "13603078"]
[EventDate "2025.06.10"]

1. Nf3 d5 2. b3 Nf6 3. Bb2 e6 4. g3 g6 5. Bg2 Bg7 6. O-O O-O 7. d3 c5 8. Nbd2
Nc6 9. e4 b6 10. Re1 Bb7 11. a4 a6 12. exd5 exd5 13. Ne5 Qc7 14. Nxc6 Bxc6 15.
Be5 Qd7 16. Qf3 Nh5 17. Nc4 Qd8 18. Bxg7 Kxg7 19. a5 b5 20. Nb6 Ra7 21. Nxd5 Rd7
22. c4 Bxd5 23. cxd5 Nf6 24. Qe3 Nxd5 25. Qxc5 Nf6 26. Qb6 Rd6 27. Qa7 Qb8 28.
Qxb8 Rxb8 29. Rad1 Rbd8 30. Re7 Rxd3 31. Rxd3 Rxd3 32. Ra7 Rxb3 33. Rxa6 Rb1+
34. Bf1 b4 35. Rb6 Nd5 36. Rb7 Nc3 37. a6 b3 38. Kg2 Ne4 39. Bd3 1-0

[Event "Titled Tue 10th Jun Late"]
[Site "chess.com INT"]
[Date "2025.06.10"]
[Round "3"]
[White "Hadzovic, Amir"]
[Black "Sieciechowicz, Marcin"]
[Result "0-1"]
[WhiteTitle "FM"]
[BlackTitle "IM"]
[WhiteElo "2354"]
[BlackElo "2413"]
[WhiteFideId "14402300"]
[BlackFideId "1130170"]
[EventDate "2025.06.10"]

1. e4 e6 2. Nf3 d5 3. e5 c5 4. g3 Nc6 5. Bg2 Nge7 6. Kf1 Ng6 7. d3 Ngxe5 8. Qe2
Nxf3 9. Qxf3 Be7 10. h4 Nd4 11. Qd1 e5 12. c3 Nc6 13. Kg1 Be6 14. h5 h6 15. Qe2
Qd7 16. a4 f5 17. Na3 O-O 18. Nc2 e4 19. Bf4 Rae8 20. Kh2 Bd6 21. Qd2 exd3 22.
Qxd3 Ne5 23. Bxe5 Bxe5 24. b4 f4 25. bxc5 fxg3+ 26. fxg3 Rf2 27. Nd4 Bh3 28.
Rhg1 Qg4 29. Qg6 Bxg3+ 30. Kh1 Bxg2+ 31. Rxg2 Qh3+ 32. Kg1 Qxg2# 0-1

[Event "Titled Tue 10th Jun Late"]
[Site "chess.com INT"]
[Date "2025.06.10"]
[Round "3"]
[White "Manzone, Alessandro"]
[Black "Medina Paz, Miguel"]
[Result "1-0"]
[WhiteTitle "FM"]
[BlackTitle "IM"]
[WhiteElo "2397"]
[BlackElo "2368"]
[WhiteFideId "112488"]
[BlackFideId "7300379"]
[EventDate "2025.06.10"]

1. d4 Nf6 2. c4 g6 3. Nf3 Bg7 4. g3 O-O 5. Bg2 d6 6. O-O Nbd7 7. Nc3 e5 8. e4 c6
9. Re1 exd4 10. Nxd4 Re8 11. h3 Nc5 12. Bf4 a5 13. Nb3 Be6 14. Bxd6 Nxb3 15.
axb3 Qb6 16. Na4 Qd8 17. Nc5 Qc8 18. e5 Nd7 19. Nxe6 Rxe6 20. f4 Bf8 21. Qd4 Ra6
22. c5 b6 23. Bf1 Ra8 24. Bc4 bxc5 25. Qd2 Re8 26. e6 Kg7 27. exd7 Rxe1+ 28.
Rxe1 Qd8 29. Re8 Qxd7 30. Be5+ Kh6 31. Qxd7 1-0

[Event "Titled Tue 10th Jun Late"]
[Site "chess.com INT"]
[Date "2025.06.10"]
[Round "3"]
[White "Diaz Cesar, Wilsaida Pieranlly"]
[Black "Tokarz, Izabela"]
[Result "0-1"]
[WhiteTitle "WFM"]
[BlackTitle "WFM"]
[WhiteElo "1890"]
[BlackElo "2054"]
[WhiteFideId "6403557"]
[BlackFideId "21849170"]
[EventDate "2025.06.10"]

1. e4 c5 2. Nf3 Nc6 3. c3 d5 4. exd5 Qxd5 5. Na3 Bg4 6. Bc4 Qd7 7. O-O Nf6 8.
Re1 e6 9. Nc2 Bd6 10. d4 cxd4 11. Ncxd4 Nxd4 12. Qxd4 Bxf3 13. gxf3 Qc7 14. h3
Bc5 15. Qh4 O-O-O 16. Bf4 Bxf2+ 17. Kxf2 Qxc4 18. Qg3 Nd5 19. Be5 f6 20. Bd4 e5
21. Bxa7 Nf4 22. Re4 Rd2+ 23. Kg1 Ne2+ 24. Rxe2 Qxe2 25. Qg4+ Rd7 26. a4 h5 27.
Qf5 Rd8 28. Ra3 g6 29. Qe6 Qa6 30. Qxa6 bxa6 31. c4 Rxa7 0-1

[Event "Titled Tue 10th Jun Late"]
[Site "chess.com INT"]
[Date "2025.06.10"]
[Round "3"]
[White "Beerdsen, Thomas"]
[Black "Moussard, Jules"]
[Result "1-0"]
[WhiteTitle "GM"]
[BlackTitle "GM"]
[WhiteElo "2538"]
[BlackElo "2597"]
[WhiteFideId "1030108"]
[BlackFideId "642908"]
[EventDate "2025.06.10"]

1. e4 e6 2. d4 d5 3. Nc3 Bb4 4. e5 b6 5. h4 Ne7 6. h5 h6 7. Qg4 Kf8 8. a3 Bxc3+
9. bxc3 c5 10. a4 Ba6 11. Bb5 Bxb5 12. axb5 Qd7 13. Rb1 a5 14. bxa6 Qa4 15. Rxb6
Nd7 16. Rd6 Nxe5 17. Qf4 Nc4 18. Rxe6 Qxc2 19. Ne2 Ke8 20. Rxe7+ Kxe7 21. Qc7+
Kf8 22. Qxc5+ Kg8 23. Qxd5 Re8 24. O-O Qxe2 25. a7 Kh7 26. Qf5+ Kg8 27. Qd5 Nb6
28. Qb7 Na8 29. Bf4 Kh7 30. Bb8 Qe4 31. d5 Re5 32. Bxe5 Qxe5 33. Qxf7 Rc8 34. d6
Qf6 35. Qxf6 gxf6 36. Rb1 Rg8 37. Rb8 Kh8 38. d7 1-0